A rainha da neve (Registo nº 74915)

Detalhes MARC
000 -Etiqueta do registo
campo de controlo de comprimento fixo 01107nam a2200337 4500
001 - Identificador do registo
Campo de controlo 74915
010 ## - ISBN
Número (ISBN) 978-989-707-940-5
021 ## - Nº depósito legal
Código do país Portugal
Número 452786/19
100 ## - Dados Gerais de Proc.
Dados gerais de processamento 20200128d2020 c||y0pory50030103ba
101 1# - Língua da publicação
Língua do texto, banda sonora, etc. Português
Língua do documento no original Inglês
102 ## - País de Publicação
País de publicação Portugal
105 ## - Dados Codif. Livros
Dados codificados dos livros a z 000fy
106 ## - Atributos Físicos
Dados codificados do material textual r
200 1# - Título
Título próprio A rainha da neve
Primeira menção de responsabilidade Hans Cristian Andersen
Outras menções de responsabilidade adapt. Valentina Bonaguro
-- il. Luna Scortegagna
205 ## - Menção da edição
Menção da edição 1ed
210 #9 - Publicação, Distribuição
Lugar da edição, distribuição, etc. Amadora
Nome do editor, distribuidor, etc. Fábula,
Data da publicação, distribuição, etc. 2020
215 ## - Descrição física
Descrição física [27] p.
Outras indicações físicas todo il.
Dimensões 30 cm
304 ## - Título e responsabilidade
Texto da nota Tít. orig.: The Snow Queen
675 ## - CDU
Notação 82
Edição BN
Língua da edição Português
700 #1 - Responsabilidade principal
Palavra de ordem Andersen,
Outra parte do nome Hans Christian,
Datas 1805-1875
702 #1 - Responsabilidade secundária
Palavra de ordem Bonaguro,
Outra parte do nome V.
Código de função Adaptador
702 #1 - Responsabilidade secundária
Palavra de ordem Scortegagna,
Outra parte do nome Luna
Código de função Ilustrador
801 #0 - Fonte de origem
País Portugal
Agência BN
Regras de catalogação RPC
856 41 - Localização e acesso electrónico
URL <a href="http://rnod.bnportugal.gov.pt/ImagesBN/winlibimg.aspx?skey=&doc=2039102&img=135087&save=true">http://rnod.bnportugal.gov.pt/ImagesBN/winlibimg.aspx?skey=&doc=2039102&img=135087&save=true</a>
090 ## - Números de controlo do sistema (Koha)
Número biblioitem do Koha (gerado automaticamente) 74915
942 ## - Elementos de entrada adicionados (Koha)
Tipo de item no Koha Monografias
Suprimido Disponível no OPAC
Exemplares
Removido (estado) Perdido (estado) Data de aquisição Origem do registo (biblioteca) (codificado) Código da organização que empresta ou é detentora (biblioteca) Código de barras Número de inventário Cota Tipo de circulação (não pode ser emprestado) Tipo de item e material
Disponível Disponível 2025-10-01 Biblioteca EB23 D. Manuel I Biblioteca EB23 D. Manuel I BEBDMI9360 9360 I - 2 BON Normal Monografias